000
00280pab a2200121 454500
008
180718b xxu||||| |||| 00| 0 eng d
100
_a
Bagai, S.S
245
_a
Enforcing old I.T. rates
650
_a
Income Tax
650
_a
Taxation
773
_a
Financial Express
909
_a
21895
999
_c
21895
_d
21895